[Event "SK Münster 4 - SK Dülmen 1"]
[Site "Verbandsliga 2018/2019"]
[Date "2018.09.22"]
[Round "2.1"]
[White "Eiersbrock, Robin"]
[Black "Jansen, Dirk"]
[Result "1/2-1/2"]
[WhiteElo "2047"]
[BlackElo "1962"]
[PlyCount "80"]
[EventDate "2018.??.??"]
[SourceDate "2018.09.09"]

1. d4 e6 2. c4 d5 3. Nc3 c5 4. cxd5 exd5 5. Nf3 Nc6 6. e3 Nf6 7. Be2 cxd4 8.
Nxd4 Bd6 9. Bf3 Be6 10. O-O O-O 11. b3 Nxd4 12. Qxd4 Qc7 13. Nb5 Bxh2+ 14. Kh1
Qd7 15. Ba3 Rfe8 16. Kxh2 Qxb5 17. Rfd1 Ne4 18. Bb2 f6 19. Rac1 Qb6 20. Bxe4
dxe4 21. Qa4 Rac8 22. Qxe4 Rxc1 23. Rxc1 Qd6+ 24. Kg1 Qd2 25. Qc2 Qxc2 26. Rxc2
Bd5 27. Rc7 Bc6 28. Bd4 a6 29. g4 h6 30. f4 Rd8 31. g5 hxg5 32. fxg5 Rd7 33.
Rxd7 Bxd7 34. gxf6 gxf6 35. Bxf6 Kf7 36. Bc3 Bc6 37. Kf2 Ke6 38. Ke2 Kf5 39.
Kd3 Bh1 40. Kd4 Be4 1/2-1/2

[Event "SK Münster 4 - SK Dülmen 1"]
[Site "Verbandsliga 2018/2019"]
[Date "2018.09.22"]
[Round "2.2"]
[White "Schulz, Stefan"]
[Black "Grund, Wolfgang"]
[Result "0-1"]
[WhiteElo "1897"]
[BlackElo "1907"]
[PlyCount "104"]
[EventDate "2018.??.??"]
[SourceDate "2018.09.09"]

1. d4 d5 2. Nf3 Nf6 3. c4 e6 4. g3 Be7 5. Bg2 O-O 6. Qc2 Ne4 7. O-O Nc6 8. a3
f5 9. b4 Bf6 10. Bb2 Ne7 11. Nbd2 c6 12. Rfd1 Bd7 13. Ne5 Be8 14. f4 Bxe5 15.
dxe5 Bh5 16. Nf3 Rc8 17. Nd4 Bf7 18. c5 Qe8 19. a4 h6 20. Ba3 Kh7 21. Rdc1 Rg8
22. Qd3 g5 23. e3 g4 24. b5 Rg7 25. Rab1 Bg8 26. Rb2 h5 27. bxc6 Nxc6 28. Bxe4
fxe4 29. Qb5 Nxd4 30. exd4 Rc6 31. Rcb1 Kh6 32. a5 Qc8 33. Qe2 Bh7 34. Qe3 Bf5
35. Rb5 a6 36. Rb6 Rcc7 37. Rc1 Rc6 38. Rcb1 Rcc7 39. R1b2 Kg6 40. R2b4 Rh7 41.
Rb2 h4 42. Rg2 Qh8 43. Rbb2 Rh5 44. Bb4 hxg3 45. Rxg3 Rch7 46. Rgg2 Rh3 47. Qc1
Qe8 48. Be1 Rd3 49. Rbd2 Rf3 50. Bg3 Qa4 51. Rgf2 e3 52. Rxf3 exd2 0-1

[Event "SK Münster 4 - SK Dülmen 1"]
[Site "Verbandsliga 2018/2019"]
[Date "2018.09.22"]
[Round "2.3"]
[White "Nolting, Bodo"]
[Black "Leder, Nils"]
[Result "0-1"]
[WhiteElo "1751"]
[BlackElo "1840"]
[PlyCount "70"]
[EventDate "2018.??.??"]
[SourceDate "2018.09.09"]

1. e4 c6 2. d4 d5 3. Nc3 dxe4 4. Nxe4 Bf5 5. Ng3 Bg6 6. h4 h6 7. h5 Bh7 8. Nf3
Nd7 9. Bd3 Bxd3 10. Qxd3 e6 11. Bd2 Ngf6 12. O-O-O Qc7 13. Qe2 c5 14. Ne4 Nxe4
15. Qxe4 Nf6 16. Qe2 Be7 17. Qb5+ Qd7 18. Qxd7+ Nxd7 19. Ne5 cxd4 20. Nxd7 Kxd7
21. Bf4 Bf6 22. Be3 Ke7 23. Bxd4 Rhd8 24. Bc5+ Ke8 25. f4 a6 26. Bb6 Rxd1+ 27.
Rxd1 Rc8 28. g4 Rc4 29. Be3 Re4 30. Rd3 Bh4 31. Kd1 Bg3 32. Bb6 Bxf4 33. Rd8+
Ke7 34. Rg8 Be5 35. Bc5+ Kf6 0-1

[Event "SK Münster 4 - SK Dülmen 1"]
[Site "Verbandsliga 2018/2019"]
[Date "2018.09.22"]
[Round "2.4"]
[White "Voß, Andreas"]
[Black "Rebber, Christian"]
[Result "1/2-1/2"]
[WhiteElo "1828"]
[BlackElo "1842"]
[PlyCount "38"]
[EventDate "2018.??.??"]
[SourceDate "2018.09.09"]

1. d4 Nf6 2. Bg5 Ne4 3. Bf4 d5 4. e3 g6 5. Bd3 Nf6 6. Nf3 Bg7 7. h3 b6 8. O-O
O-O 9. Nbd2 Bb7 10. Qe2 Nbd7 11. Rfd1 c5 12. c3 Qc8 13. Ne5 Nxe5 14. Bxe5 Nd7
15. Bxg7 Kxg7 16. Nf3 c4 17. Bc2 Qc7 18. e4 dxe4 19. Bxe4 Bxe4 1/2-1/2

[Event "SK Münster 4 - SK Dülmen 1"]
[Site "Verbandsliga 2018/2019"]
[Date "2018.09.22"]
[Round "2.5"]
[White "Lödding, Detlef"]
[Black "Schöpper, Oliver"]
[Result "1/2-1/2"]
[WhiteElo "1869"]
[BlackElo "1823"]
[PlyCount "36"]
[EventDate "2018.??.??"]
[SourceDate "2018.09.09"]

1. c4 c6 2. d4 d5 3. e3 Nf6 4. Nc3 e6 5. Nf3 Nbd7 6. Qc2 Be7 7. b3 O-O 8. Bd3
b6 9. O-O Bb7 10. e4 dxe4 11. Nxe4 Nxe4 12. Bxe4 Nf6 13. Bb2 Nxe4 14. Qxe4 Bf6
15. Rad1 Qc7 16. Qe3 Rad8 17. Ne5 Bxe5 18. Qxe5 Qxe5 1/2-1/2

[Event "SK Münster 4 - SK Dülmen 1"]
[Site "Verbandsliga 2018/2019"]
[Date "2018.09.22"]
[Round "2.6"]
[White "Vogenauer, Nikolas"]
[Black "Schlütermann, Philipp"]
[Result "1-0"]
[WhiteElo "1817"]
[BlackElo "1842"]
[PlyCount "111"]
[EventDate "2018.??.??"]
[SourceDate "2018.09.09"]

1. e4 e6 2. d4 d5 3. Nc3 Nf6 4. e5 Ng8 5. f4 c5 6. Nf3 Nc6 7. Be3 cxd4 8. Nxd4
Nge7 9. Nce2 Nf5 10. Nxf5 exf5 11. c3 Be7 12. Nd4 O-O 13. Bd3 f6 14. Nxc6 bxc6
15. exf6 Bxf6 16. O-O Rb8 17. Rb1 Qd6 18. b4 Re8 19. Bxa7 Ra8 20. Bc5 Qc7 21.
Qb3 Be6 22. Bd4 Bxd4+ 23. cxd4 Qa7 24. Qc3 Bd7 25. b5 cxb5 26. Bxb5 Rac8 27.
Qd3 Re4 28. a4 Bxb5 29. axb5 Qxd4+ 30. Qxd4 Rxd4 31. Rfd1 Rxd1+ 32. Rxd1 Rc5
33. Rb1 Kf7 34. b6 Rc8 35. Kf2 Rb8 36. b7 Ke7 37. Ke3 Kd6 38. Kd4 Kc6 39. Rb2
g6 40. g3 Kc7 41. Kxd5 Rd8+ 42. Ke6 Kb8 43. Ke7 Rd4 44. Kf6 Rd6+ 45. Kg5 Re6
46. Kh6 Re7 47. Rb3 Rf7 48. h4 Re7 49. h5 Re6 50. Kxh7 gxh5 51. Rb5 Re3 52.
Rxf5 Rxg3 53. Rxh5 Rb3 54. f5 Rb5 55. Kg6 Rxb7 56. Rh8+ 1-0

[Event "SK Münster 4 - SK Dülmen 1"]
[Site "Verbandsliga 2018/2019"]
[Date "2018.09.22"]
[Round "2.7"]
[White "Ulunque Villazón, Humberto"]
[Black "Börger, Andreas"]
[Result "0-1"]
[WhiteElo "1663"]
[BlackElo "1766"]
[PlyCount "72"]
[EventDate "2018.??.??"]
[SourceDate "2018.09.09"]

1. e4 e6 2. d4 d5 3. Nc3 Nf6 4. e5 Nfd7 5. f4 c5 6. Nf3 Nc6 7. Bb5 Qb6 8. Bxc6
bxc6 9. Na4 Qa5+ 10. c3 Ba6 11. Bd2 Bb5 12. Nxc5 Bxc5 13. dxc5 Nxc5 14. Kf2
Ne4+ 15. Ke1 Qb6 16. Nd4 c5 17. Nxb5 Qxb5 18. Qc2 Qc6 19. Rf1 O-O 20. Rf3 Rab8
21. Rd1 Qb6 22. Bc1 c4 23. Rd4 Nc5 24. Rh3 Nd3+ 25. Kf1 g6 26. Rhxd3 cxd3 27.
Rxd3 Rfc8 28. b3 Qa6 29. Kg1 Rc6 30. a3 Qb6+ 31. Be3 Qxb3 32. Qc1 Qc4 33. Qd2
Rb1+ 34. Kf2 Ra1 35. Kf3 Ra2 36. Rd4 Qf1+ 0-1

[Event "SK Münster 4 - SK Dülmen 1"]
[Site "Verbandsliga 2018/2019"]
[Date "2018.09.22"]
[Round "2.8"]
[White "Sokolowski, Cyril"]
[Black "Rössing, Paul"]
[Result "1/2-1/2"]
[WhiteElo "1725"]
[BlackElo "1559"]
[PlyCount "37"]
[EventDate "2018.??.??"]
[SourceDate "2018.09.09"]

1. e4 e5 2. Nf3 Nc6 3. Bc4 Bc5 4. c3 Nf6 5. d3 h6 6. Nbd2 d6 7. O-O O-O 8. Bb3
a6 9. Re1 Bg4 10. Nf1 Qd7 11. Ng3 Rad8 12. Be3 Bxe3 13. Rxe3 d5 14. h3 Bxf3 15.
Qxf3 d4 16. cxd4 Nxd4 17. Qd1 c5 18. Rc1 b6 19. Ne2 1/2-1/2

[Event "SC Rochade Emsdetten 2 - SG Turm Raesfe"]
[Site "Verbandsliga 2018/2019"]
[Date "2018.09.22"]
[Round "2.1"]
[White "Pliete, Christian"]
[Black "Delere, Adrian"]
[Result "1-0"]
[WhiteElo "1826"]
[BlackElo "1879"]
[PlyCount "60"]
[EventDate "2018.??.??"]
[SourceDate "2018.09.09"]

1. e4 Nf6 2. e5 Ng8 3. Bc4 Nc6 4. f4 d6 5. Nf3 Bg4 6. Bxf7+ Kxf7 7. Ng5+ Ke8 8.
Qxg4 dxe5 9. Ne6 Nf6 10. Nxd8 Nxg4 11. Nxc6 bxc6 12. h3 Nh6 13. fxe5 g6 14. g4
Bg7 15. d4 c5 16. c3 cxd4 17. cxd4 c5 18. dxc5 Bxe5 19. Nc3 Nf7 20. Bd2 Bd4 21.
O-O-O Bxc5 22. Rhe1 Kf8 23. Nd5 Bd6 24. Bc3 e5 25. Nf6 Rc8 26. Kb1 Ke7 27. Ne4
Bb8 28. Bb4+ Ke6 29. Rf1 Nd6 30. Nxd6 Rc4 1-0

[Event "SC Rochade Emsdetten 2 - SG Turm Raesfe"]
[Site "Verbandsliga 2018/2019"]
[Date "2018.09.22"]
[Round "2.2"]
[White "Lücke, Thomas"]
[Black "Brömmel, Chris"]
[Result "1/2-1/2"]
[WhiteElo "1833"]
[BlackElo "1797"]
[PlyCount "91"]
[EventDate "2018.??.??"]
[SourceDate "2018.09.09"]

1. d4 Nf6 2. Bf4 d5 3. e3 c5 4. c3 Qb6 5. Qb3 Qxb3 6. axb3 cxd4 7. exd4 Nc6 8.
Bd3 Nh5 9. Bc7 g6 10. h3 Bg7 11. Nf3 O-O 12. O-O Bd7 13. b4 Rac8 14. Bh2 a6 15.
Nbd2 Bh6 16. Rfe1 Bf4 17. Nb3 Bxh2+ 18. Kxh2 Nf4 19. Bb1 Ne6 20. Nc5 Nxc5 21.
bxc5 Rfe8 22. b4 Kg7 23. Ba2 e6 24. Bb3 f6 25. Ba4 Nb8 26. Bxd7 Nxd7 27. b5
axb5 28. Ra7 Rc7 29. Rb1 Rb8 30. Rxb5 Kf7 31. Ne1 Ke7 32. Nd3 Kd8 33. Nb4 Kc8
34. h4 h6 35. g4 h5 36. gxh5 gxh5 37. Ra1 Nf8 38. Rg1 Rf7 39. Rg8 Kc7 40. Rh8
Rh7 41. Rg8 Nd7 42. Rg3 Ra8 43. Re3 Nf8 44. Rg3 Nd7 45. Re3 Nf8 46. Rg3 1/2-1/2

[Event "SC Rochade Emsdetten 2 - SG Turm Raesfe"]
[Site "Verbandsliga 2018/2019"]
[Date "2018.09.22"]
[Round "2.3"]
[White "Kadenbach, Wolfgang"]
[Black "Wissing, Philipp"]
[Result "1-0"]
[WhiteElo "1733"]
[BlackElo "1775"]
[PlyCount "77"]
[EventDate "2018.??.??"]
[SourceDate "2018.09.09"]

1. d4 Nf6 2. c4 c5 3. d5 e6 4. Nc3 exd5 5. cxd5 d6 6. e4 g6 7. Nf3 Bg7 8. Be2
O-O 9. O-O a6 10. a4 Re8 11. Qc2 Nbd7 12. Bf4 Qe7 13. Nd2 Ne5 14. h3 h6 15.
Rfe1 g5 16. Bg3 g4 17. Bxe5 Qxe5 18. Nc4 Qe7 19. Nb6 Rb8 20. Nxc8 Rbxc8 21.
hxg4 Nd7 22. Rab1 Bd4 23. Bf3 Qh4 24. Qe2 Ne5 25. Nd1 c4 26. Ne3 Nd3 27. Rf1 b5
28. axb5 axb5 29. Nf5 Qf6 30. g3 Ra8 31. b3 Bxf2+ 32. Rxf2 Nxf2 33. Kxf2 c3 34.
b4 Rec8 35. Qc2 Kf8 36. Be2 Rab8 37. Rb3 Rb6 38. Ra3 Qg5 39. Rxc3 1-0

[Event "SC Rochade Emsdetten 2 - SG Turm Raesfe"]
[Site "Verbandsliga 2018/2019"]
[Date "2018.09.22"]
[Round "2.4"]
[White "Nöring, Andreas"]
[Black "Hoffmann, Fabian"]
[Result "1/2-1/2"]
[WhiteElo "1829"]
[BlackElo "1944"]
[PlyCount "43"]
[EventDate "2018.??.??"]
[SourceDate "2018.09.09"]

1. e4 c6 2. Nf3 d5 3. Nc3 d4 4. Ne2 c5 5. Ng3 Nc6 6. Bc4 e5 7. d3 Be7 8. O-O
Nf6 9. Ng5 O-O 10. f4 exf4 11. Bxf4 Na5 12. Bb3 Nxb3 13. axb3 Bg4 14. Nf3 Nh5
15. Nxh5 Bxh5 16. Qe1 Bxf3 17. Rxf3 Bg5 18. Bxg5 Qxg5 19. Rf5 Qe7 20. Qg3 b6
21. Raf1 f6 22. h3 1/2-1/2

[Event "SC Rochade Emsdetten 2 - SG Turm Raesfe"]
[Site "Verbandsliga 2018/2019"]
[Date "2018.09.22"]
[Round "2.5"]
[White "Fasselt, Hendrik"]
[Black "Wehmeier, Sven"]
[Result "1/2-1/2"]
[WhiteElo "1826"]
[BlackElo "1806"]
[PlyCount "99"]
[EventDate "2018.??.??"]
[SourceDate "2018.09.09"]

1. b3 Nf6 2. Bb2 g6 3. e3 Bg7 4. Nf3 O-O 5. Be2 d6 6. O-O Bd7 7. d3 a5 8. Nbd2
a4 9. a3 axb3 10. cxb3 Na6 11. d4 c6 12. Qc2 d5 13. b4 Qb6 14. Bd3 Rfc8 15. Nb3
Be8 16. Ne5 Nd7 17. Nxd7 Bxd7 18. f4 f5 19. Rac1 Be8 20. Kh1 Nc7 21. Nc5 Nb5
22. Qb3 Nd6 23. Rg1 Bf7 24. g4 fxg4 25. Rxg4 e6 26. Rcg1 Qd8 27. Qc2 b6 28. Nb3
Nf5 29. Qf2 Qd7 30. h4 Kf8 31. Bc1 h5 32. R4g2 Bf6 33. Bxf5 exf5 34. Kh2 Qe7
35. Kh3 Qe4 36. Qc2 Qe6 37. Qd3 Qe7 38. Nd2 Bxh4 39. Nf3 Bf6 40. Ng5 Bxg5 41.
Rxg5 Qe6 42. R5g3 c5 43. dxc5 bxc5 44. bxc5 Rxc5 45. Bd2 Rc4 46. Bb4+ Kg8 47.
R1g2 Rd8 48. Rd2 d4 49. Qb1 Qc6 50. Qxf5 1/2-1/2

[Event "SC Rochade Emsdetten 2 - SG Turm Raesfe"]
[Site "Verbandsliga 2018/2019"]
[Date "2018.09.22"]
[Round "2.6"]
[White "Bilecen, Simon"]
[Black "Tünte, Marcel"]
[Result "1/2-1/2"]
[WhiteElo "1700"]
[BlackElo "1788"]
[PlyCount "44"]
[EventDate "2018.??.??"]
[SourceDate "2018.09.09"]

1. e4 e5 2. Nf3 Nc6 3. Bc4 Bc5 4. c3 Qe7 5. O-O d6 6. d4 Bb6 7. Bg5 Nf6 8. h3
h6 9. Bxf6 Qxf6 10. dxe5 Nxe5 11. Nbd2 O-O 12. a4 a6 13. Nxe5 Qxe5 14. Kh1 Be6
15. Bxe6 Qxe6 16. a5 Ba7 17. Qg4 f5 18. exf5 Qxf5 19. Qc4+ Qf7 20. f3 Qxc4 21.
Nxc4 Rfe8 22. Rae1 Kf7 1/2-1/2

[Event "SC Rochade Emsdetten 2 - SG Turm Raesfe"]
[Site "Verbandsliga 2018/2019"]
[Date "2018.09.22"]
[Round "2.7"]
[White "Droste, Laurenz"]
[Black "Hemmers, Dieter"]
[Result "1-0"]
[WhiteElo "1619"]
[BlackElo "1784"]
[PlyCount "96"]
[EventDate "2018.??.??"]
[SourceDate "2018.09.09"]

1. f4 c5 2. e3 g6 3. Nf3 Bg7 4. Nc3 Nf6 5. b3 d6 6. Bb5+ Nbd7 7. Bb2 O-O 8. O-O
a6 9. Be2 e6 10. Qe1 Nd5 11. Na4 N7f6 12. c4 Nb4 13. Qd1 Re8 14. a3 Nc6 15. Ng5
Qe7 16. Bf3 Bd7 17. Nb6 Rad8 18. Rb1 h6 19. Bxf6 Bxf6 20. Ne4 Bg7 21. Ng3 Bc8
22. Bxc6 bxc6 23. Na4 f5 24. Qf3 Bb7 25. e4 Bd4+ 26. Kh1 Kh7 27. Rfe1 Qg7 28.
Ne2 e5 29. Nac3 Rf8 30. exf5 Rxf5 31. Nd1 exf4 32. Nxf4 Qf7 33. g3 Re5 34. Ne3
Rde8 35. Rbd1 g5 36. Qh5 Qxh5 37. Nxh5 Kg6 38. g4 Bc8 39. h3 d5 40. Rf1 R8e6
41. Rf8 Bxe3 42. dxe3 Rxe3 43. Rxc8 Rxh3+ 44. Kg2 Rxb3 45. Rf1 Rb2+ 46. Kg1
dxc4 47. Rg8+ Kh7 48. Rg7+ Kh8 1-0

[Event "SC Rochade Emsdetten 2 - SG Turm Raesfe"]
[Site "Verbandsliga 2018/2019"]
[Date "2018.09.22"]
[Round "2.8"]
[White "Fehlings, Gerd"]
[Black "Schönstädt, Hans-Werner"]
[Result "1-0"]
[WhiteElo "1772"]
[BlackElo "1567"]
[PlyCount "109"]
[EventDate "2018.??.??"]
[SourceDate "2018.09.09"]

1. d4 d5 2. Nf3 Nf6 3. c4 e6 4. g3 Bb4+ 5. Bd2 Bd6 6. Bg2 O-O 7. Qc2 Nbd7 8.
O-O Ne4 9. b3 Nxd2 10. Nbxd2 c6 11. e4 f5 12. cxd5 cxd5 13. e5 Be7 14. a3 b6
15. Rfc1 Ba6 16. Qc7 Qxc7 17. Rxc7 Rfd8 18. b4 Kf8 19. Bf1 Bxf1 20. Kxf1 Ke8
21. Rac1 Rdb8 22. R7c6 Nf8 23. Ne1 Kd8 24. Nd3 Rc8 25. Nb3 Rxc6 26. Rxc6 Rc8
27. Rxc8+ Kxc8 28. Ke2 Kc7 29. a4 h6 30. h4 Kc6 31. b5+ Kc7 32. h5 g5 33. hxg6
Nxg6 34. Kf3 Kd7 35. Nbc1 Ke8 36. g4 Nh4+ 37. Kg3 fxg4 38. Kxg4 Nf5 39. Ne2 Kf7
40. Ndf4 Bh4 41. Kf3 Be7 42. Kg4 Ba3 43. Nd3 Be7 44. Ndf4 Ba3 45. Nxd5 Nxd4 46.
Nxd4 exd5 47. Nf5 h5+ 48. Kg5 Be7+ 49. Nxe7 Kxe7 50. Kxh5 d4 51. Kg4 Ke6 52. f4
Kd5 53. Kf3 d3 54. Ke3 Kc4 55. Kd2 1-0

[Event "SK Gescher 1 - SF Telgte 1"]
[Site "Verbandsliga 2018/2019"]
[Date "2018.09.22"]
[Round "2.2"]
[White "Eißing, Christoph"]
[Black "Junker, Axel"]
[Result "1-0"]
[WhiteElo "2005"]
[BlackElo "1906"]
[PlyCount "65"]
[EventDate "2018.??.??"]
[SourceDate "2018.09.09"]

1. e4 c5 2. Nf3 Nf6 3. Nc3 Nc6 4. d4 d5 5. exd5 Nxd5 6. Bc4 Nxc3 7. bxc3 e6 8.
O-O Be7 9. Be3 Qa5 10. Bd2 b5 11. Bd3 c4 12. Be4 Bb7 13. Ne5 Nxe5 14. Bxb7 Rb8
15. Be4 Nd7 16. Qg4 Kf8 17. Qg3 Qb6 18. f4 f5 19. Bf3 Nf6 20. Rfe1 Re8 21. Qf2
h5 22. a4 b4 23. cxb4 Bxb4 24. Reb1 c3 25. Bxc3 a5 26. Bd2 Qc7 27. Bxb4+ axb4
28. Qd2 Qc3 29. Qxc3 bxc3 30. Rb3 Rd8 31. Rxc3 Rxd4 32. Rc8+ Ne8 33. a5 1-0

[Event "SK Gescher 1 - SF Telgte 1"]
[Site "Verbandsliga 2018/2019"]
[Date "2018.09.22"]
[Round "2.3"]
[White "Kuhlenbäumer, Willi"]
[Black "Lanfer, Stefanie"]
[Result "0-1"]
[WhiteElo "1922"]
[BlackElo "1858"]
[PlyCount "94"]
[EventDate "2018.??.??"]
[SourceDate "2018.09.09"]

1. e4 c6 2. d4 d5 3. e5 Bf5 4. Nc3 Qb6 5. g4 Bd7 6. Bg2 e6 7. Nge2 c5 8. O-O h5
9. g5 cxd4 10. Nxd4 Bc5 11. Nb3 Ne7 12. a4 Nf5 13. a5 Qc7 14. Bf4 a6 15. Re1
Kf8 16. Qd2 Be8 17. Rad1 g6 18. Bh3 Qe7 19. Bxf5 gxf5 20. h4 Bb4 21. Re3 Nc6
22. Qe2 Rd8 23. Red3 Nxa5 24. Nxa5 Bxa5 25. Kh2 Rc8 26. Qf3 Bc6 27. Ne2 Bb5 28.
c3 Bxd3 29. Rxd3 Kg7 30. Ng3 Kg6 31. Be3 Rc4 32. Bd4 Qc7 33. Kh3 Bb6 34. Ne2
Bxd4 35. cxd4 Kg7 36. Nf4 Rc1 37. g6 Qc2 38. Qg2 Rh6 39. gxf7+ Kxf7 40. Rc3
Qxb2 41. Rg3 Rc3 42. Nd3 Rxd3 43. Rxd3 Rg6 44. Qf3 Rg4 45. Rc3 Qb1 46. Rc7+ Kg6
47. Re7 Qf1+ 0-1

[Event "SK Gescher 1 - SF Telgte 1"]
[Site "Verbandsliga 2018/2019"]
[Date "2018.09.22"]
[Round "2.4"]
[White "Iking, Bernhard"]
[Black "Kuhlenbäumer, Alfred"]
[Result "1/2-1/2"]
[WhiteElo "1760"]
[BlackElo "1827"]
[PlyCount "66"]
[EventDate "2018.??.??"]
[SourceDate "2018.09.09"]

1. d4 d5 2. c4 Nc6 3. cxd5 Qxd5 4. Nf3 e6 5. Nc3 Bb4 6. Bd2 Bxc3 7. Bxc3 Nf6 8.
e3 O-O 9. Bd3 Qh5 10. e4 Re8 11. O-O e5 12. d5 Nd4 13. Nxe5 Qxe5 14. f4 Qe7 15.
Bxd4 Nxe4 16. Qh5 Bd7 17. Rae1 f5 18. a3 a5 19. Rf3 Qf7 20. Qh4 Qxd5 21. Be5
Qc5+ 22. Kh1 Re6 23. Bxe4 fxe4 24. Rg3 Rg6 25. Rc3 Qd5 26. Rce3 c5 27. Qf2 Rf8
28. Qc2 Bc6 29. Rd1 Qe6 30. Rd6 Qg4 31. Rg3 Qf5 32. Qc4+ Qf7 33. Rdxg6 hxg6
1/2-1/2

[Event "SK Gescher 1 - SF Telgte 1"]
[Site "Verbandsliga 2018/2019"]
[Date "2018.09.22"]
[Round "2.5"]
[White "Pohl, Detlev"]
[Black "Priebs, Ludger"]
[Result "1/2-1/2"]
[WhiteElo "1821"]
[BlackElo "1717"]
[PlyCount "105"]
[EventDate "2018.??.??"]
[SourceDate "2018.09.09"]

1. d4 d5 2. Nf3 c5 3. c3 e6 4. Bf4 Nc6 5. e3 Nf6 6. h3 Be7 7. Nbd2 O-O 8. Bd3
h6 9. O-O Nh5 10. Bh2 f5 11. Be5 Nf6 12. Nh2 Nxe5 13. dxe5 Nd7 14. f4 Qb6 15.
Qb3 c4 16. Qxb6 axb6 17. Bc2 Nc5 18. Nhf3 Bd7 19. Nd4 b5 20. a3 Ra7 21. Kh2 Kf7
22. g4 g6 23. Rg1 Rg8 24. N2f3 Raa8 25. Ne2 Rad8 26. Nfd4 Ra8 27. Rg2 Rg7 28.
Rag1 Rag8 29. Nf3 Bc6 30. Ned4 Bd7 31. h4 Ne4 32. gxf5 gxf5 33. Kh3 Bd8 34.
Rxg7+ Rxg7 35. Rxg7+ Kxg7 36. Bxe4 dxe4 37. Ne1 Kg6 38. Ng2 Kh5 39. Ne2 Kg6 40.
Ng3 h5 41. Ne2 Kf7 42. Nd4 Ke7 43. Ne1 Bb6 44. Nec2 Bc5 45. Kg3 Kd8 46. b4 cxb3
47. Nxb3 Be7 48. Nbd4 Kc7 49. Nb4 Kb6 50. Nb3 Bc5 51. Kf2 Be7 52. Kg3 Bc5 53.
Kf2 1/2-1/2

[Event "SK Gescher 1 - SF Telgte 1"]
[Site "Verbandsliga 2018/2019"]
[Date "2018.09.22"]
[Round "2.6"]
[White "Stein, Michael"]
[Black "Dieckmann, Werner"]
[Result "1/2-1/2"]
[WhiteElo "1712"]
[BlackElo "1769"]
[PlyCount "63"]
[EventDate "2018.??.??"]
[SourceDate "2018.09.09"]

1. e4 e5 2. Nf3 Nf6 3. Nxe5 d6 4. Nf3 Nxe4 5. Nc3 Nf6 6. d4 d5 7. Bg5 Be7 8.
Bd3 O-O 9. Qd2 c6 10. O-O-O Be6 11. Ne5 Nbd7 12. f4 Nxe5 13. dxe5 Ne8 14. Bxe7
Qxe7 15. f5 d4 16. fxe6 dxc3 17. exf7+ Rxf7 18. Qxc3 Kh8 19. Rhf1 Rxf1 20. Rxf1
Nc7 21. g3 Nd5 22. Qd4 Rd8 23. Qe4 g6 24. a3 b5 25. e6 Rf8 26. Rxf8+ Qxf8 27.
Bxb5 Qc5 28. Bd3 Qg1+ 29. Kd2 Qxh2+ 30. Kd1 Qg1+ 31. Qe1 Qc5 32. Qe5+ 1/2-1/2

[Event "SK Gescher 1 - SF Telgte 1"]
[Site "Verbandsliga 2018/2019"]
[Date "2018.09.22"]
[Round "2.7"]
[White "Schenke, Conrad"]
[Black "Brands, Julian"]
[Result "1/2-1/2"]
[WhiteElo "1684"]
[BlackElo "1699"]
[PlyCount "34"]
[EventDate "2018.??.??"]
[SourceDate "2018.09.09"]

1. e4 c5 2. Nc3 d6 3. Nf3 g6 4. Bc4 Bg7 5. d3 Nc6 6. O-O Nf6 7. Re1 O-O 8. h3
Na5 9. e5 dxe5 10. Nxe5 Nxc4 11. Nxc4 Be6 12. Bg5 h6 13. Bh4 Re8 14. Ne5 Nd5
15. Qd2 g5 16. Bg3 Qa5 17. Ne4 Qxd2 1/2-1/2

[Event "SK Gescher 1 - SF Telgte 1"]
[Site "Verbandsliga 2018/2019"]
[Date "2018.09.22"]
[Round "2.8"]
[White "Robers, Frank"]
[Black "Altmann, Thomas"]
[Result "0-1"]
[WhiteElo "1637"]
[BlackElo "1602"]
[PlyCount "55"]
[EventDate "2018.??.??"]
[SourceDate "2018.09.09"]

1. e4 c5 2. Nf3 e6 3. g3 d6 4. Bg2 Qc7 5. O-O Nc6 6. d4 cxd4 7. Nxd4 Nf6 8. Be3
Be7 9. Nc3 O-O 10. Rc1 a6 11. f4 Rb8 12. Nb3 b6 13. g4 g6 14. f5 Ne5 15. g5 Nh5
16. f6 Bd8 17. Nd2 b5 18. Ne2 Ng4 19. Bf2 Nxf2 20. Rxf2 Qc5 21. Nf3 Bb6 22.
Ned4 e5 23. b4 Qc3 24. Ne2 Qe3 25. Qf1 Bb7 26. Ng3 Qxf2+ 27. Qxf2 Bxf2+ 28.
Kxf2 0-1

[Event "SK Metelen 1 - TV Borken 1"]
[Site "Verbandsliga 2018/2019"]
[Date "2018.09.22"]
[Round "2.2"]
[White "Koch, Alexander"]
[Black "Schroer, Klaus"]
[Result "1/2-1/2"]
[WhiteElo "2000"]
[BlackElo "1964"]
[PlyCount "40"]
[EventDate "2018.??.??"]
[SourceDate "2018.09.09"]

1. e4 e5 2. Nf3 Nc6 3. Bc4 Bc5 4. d3 d6 5. Nc3 Bg4 6. Be3 Nd4 7. Bxd4 Bxd4 8.
h3 Bxf3 9. Qxf3 Bxc3+ 10. bxc3 Qf6 11. Qe3 Qh6 12. Qxh6 Nxh6 13. Rb1 b6 14. O-O
Rf8 15. f4 f6 16. f5 Ke7 17. Kf2 c6 18. g4 Rac8 19. Be6 Rc7 20. Rg1 Nf7 1/2-1/2

[Event "SK Metelen 1 - TV Borken 1"]
[Site "Verbandsliga 2018/2019"]
[Date "2018.09.22"]
[Round "2.3"]
[White "Vijayakumaran, Vithoosan"]
[Black "Schudro, Vasily"]
[Result "1-0"]
[WhiteElo "1772"]
[BlackElo "2000"]
[PlyCount "55"]
[EventDate "2018.??.??"]
[SourceDate "2018.09.09"]

1. d4 Nf6 2. c4 c5 3. Nf3 cxd4 4. Nxd4 g6 5. Nc3 Bg7 6. g3 O-O 7. Bg2 Nc6 8.
O-O e5 9. Ndb5 Ne8 10. Be3 a6 11. Bc5 axb5 12. Bxf8 Bxf8 13. cxb5 Ne7 14. Qd2
Qb6 15. Rfd1 d6 16. a4 Be6 17. b4 Bg7 18. a5 Qc7 19. Rac1 Qb8 20. a6 Bc8 21.
Nd5 Nxd5 22. Qxd5 Ra7 23. Qc4 Be6 24. Bd5 Bxd5 25. Rxd5 Bf8 26. Qc8 Qa8 27.
Qxa8 Rxa8 28. axb7 1-0

[Event "SK Metelen 1 - TV Borken 1"]
[Site "Verbandsliga 2018/2019"]
[Date "2018.09.22"]
[Round "2.5"]
[White "Farwick, Christian"]
[Black "Grotenhuis, Gerard"]
[Result "0-1"]
[WhiteElo "1816"]
[BlackElo "1904"]
[PlyCount "104"]
[EventDate "2018.??.??"]
[SourceDate "2018.09.09"]

1. Nf3 d5 2. d4 c6 3. e3 e6 4. c4 f5 5. Nc3 Nf6 6. Bd2 Bd6 7. c5 Bc7 8. b4 Nbd7
9. Bd3 Ne4 10. Qc2 O-O 11. a4 e5 12. dxe5 Nxe5 13. Nxe5 Bxe5 14. g3 Qf6 15. Ra3
g5 16. f4 gxf4 17. exf4 Bd4 18. Nxe4 fxe4 19. Be2 Bh3 20. Be3 Bxe3 21. Rxe3 Kg7
22. g4 Bg2 23. Rg1 d4 24. Rg3 d3 25. Qd2 dxe2 26. R1xg2 Rad8 27. Qc3 Qxc3+ 28.
Rxc3 Rxf4 29. Kxe2 Kf6 30. Rh3 Rd7 31. Rh5 Rf3 32. g5+ Kg7 33. Rh4 Rd4 34. Rxe4
Rxe4+ 35. Kxf3 Rxb4 36. Rg4 Rb3+ 37. Kf2 b5 38. Rd4 a5 39. Rd7+ Kg6 40. Rd6+
Kxg5 41. Rxc6 bxa4 42. Rb6 Kf4 43. Rh6 Rb2+ 44. Ke1 a3 45. Rh4+ Ke5 46. Rh5+
Ke6 47. Rh6+ Kd5 48. Rh5+ Kc6 49. Rh6+ Kxc5 50. Rh5+ Kb4 51. Rh4+ Kb3 52. Rh3+
Ka4 0-1

[Event "SK Metelen 1 - TV Borken 1"]
[Site "Verbandsliga 2018/2019"]
[Date "2018.09.22"]
[Round "2.6"]
[White "Zachej, Arne"]
[Black "Bohn, Andreas"]
[Result "1/2-1/2"]
[WhiteElo "1834"]
[BlackElo "1829"]
[PlyCount "67"]
[EventDate "2018.??.??"]
[SourceDate "2018.09.09"]

1. d4 d5 2. Bf4 e6 3. Nf3 Nf6 4. e3 Be7 5. h3 Nbd7 6. Bd3 O-O 7. Nbd2 c5 8. c3
b6 9. Rc1 Bb7 10. O-O Rc8 11. Qe2 c4 12. Bb1 b5 13. e4 Nxe4 14. Nxe4 dxe4 15.
Nd2 Nf6 16. Nxe4 Nxe4 17. Bxe4 Bd5 18. Rfe1 Bf6 19. Qh5 g6 20. Qf3 Bxe4 21.
Rxe4 Qd5 22. Bh6 Bg7 23. Bxg7 Kxg7 24. Qe3 Rfd8 25. Re1 a6 26. Rh4 h5 27. Qg3
f6 28. Rhe4 Rc6 29. Qe3 Rdd6 30. g4 h4 31. f4 g5 32. fxg5 Qxg5 33. Qxg5+ fxg5
34. Re5 1/2-1/2